| 000 | 01048nam a2200337Ia 4500 | ||
|---|---|---|---|
| 003 | OSt | ||
| 005 | 20220912153137.0 | ||
| 006 | a|||||r|||| 00| 0 | ||
| 007 | ta | ||
| 008 | 220909b |||||||| |||| 00| 0 eng d | ||
| 020 | _a 1402006284(V2) (hbd) | ||
| 020 | _a0792364281(V1) (hbd) | ||
| 024 | _a10636 | ||
| 037 | _bAshutosh, | ||
| 037 | _cTextbook | ||
| 040 |
_aCSL _beng _cCSL |
||
| 041 | _aeng | ||
| 082 | _aH6:55, P1.1-.2 TH | ||
| 100 | _aLast William M Ed | ||
| 245 | 0 | _aTracking environmental change using lake sediments | |
| 260 |
_aDordrecht _bKluwer Academic Publishers _c2001 |
||
| 300 |
_ap. _ccm. |
||
| 490 | _aDevelopments in paleoenvironmental research; 2. Developments in paleoenvironmental research; 2 | ||
| 500 | _aIncludes bibliographical references. | ||
| 650 | _a Palaeontology | ||
| 650 | _a Paleolimnology | ||
| 650 | _aGeology | ||
| 700 | _a Smol John P Ed | ||
| 942 |
_hH6:55, P1.1-.2 TH _cTB _2CC |
||
| 999 |
_c98980 _d98980 |
||